- Sheridan, Guillermo,
Entry Nombre Personal
001 - NUMERO DE CONTROL
- campo de control: 31567
003 - IDENTIFICADOR DE NUMERO DE CONTROL
- campo de control: DLC
005 - FECHA Y HORA DE LA ÜLTIMA TRANSACCIÓN
- campo de control: 20221124105957.0
008 - DATOS DE LONGITUD FIJA
- campo de control de longitud fija: 221124n| azannaabn |n aaa
010 ## - NÚMERO DE CONTROL DE LA BIBLIOTECA DEL CONGRESO
- Número de control LC: n 85269309
035 ## - NUMERO DE CONTROL
- Número de control: (CaEvSKY)skya2589009
035 ## - NUMERO DE CONTROL
- Número de control: (OCoLC)oca01612640
040 ## - FUENTE DE CATALOGACIÓN
- Agencia original de catalogación: DLC
- Lenguaje de catalogación: spa
- Description conventions: rda
- Agencia de transcripción: DLC
- Agencia que lo modifica: CoU
- Agencia que lo modifica: UPB
- Agencia que lo modifica: OCoLC
- Agencia que lo modifica: UPB
- Agencia que lo modifica: MX-MxCID
- Agencia que lo modifica: HU
- Agencia que lo modifica: MX-MxUPN
046 ## - FECHAS CON CODIFICACIÓN ESPECIAL
- Fecha de nacimiento: 1950-08-27
- Fuente del formato de fecha: edtf
053 #0 - NÚMERO DE CLASIFICACIÓN LC
- Número de clasificación elemento-número único o número inicial de tramo: PQ7298.29.H47
100 1# - ENCABEZAMIENTO - NOMBRE PERSONAL
- Nombre personal: Sheridan, Guillermo,
- Fechas asociadas con el nombre: 1950-
370 ## - LUGAR ASOCIADO
- Place of birth: Monterrey (México)
- Fuente del término: naf
372 ## - CAMPO DE ACTIVIDAD
- Field of activity: Historia de la poesía moderna de México
- Fuente del término: lcsh
373 ## - GRUPO ASOCIADO
- Associated group: Universidad Iberoamericana (Ciudad de México, México)
- Associated group: Universidad Nacional Autónoma de México. Centro de Estudios Literarios
- Associated group: University of East Anglia
- Associated group: Colegio de México
- Fuente del término: naf
374 ## - OCUPACIÓN
- Occupation: Investigador
374 ## - OCUPACIÓN
- Occupation: Autor
- Occupation: Editorialista
- Occupation: Poeta
- Fuente del término: lcsh
375 ## - GÉNERO
- Gender: Masculino
- Fuente del término: lcdgt
377 ## - LENGUA ASOCIADA
- Language code: spa
670 ## - FUENTE EN LA QUE SE LOCALIZARON DATOS
- Cita de la fuente: En su obra: Los contemporáneos ayer, 1985:
- Información localizada: portada (Guillermo Sheridan)
670 ## - FUENTE EN LA QUE SE LOCALIZARON DATOS
- Cita de la fuente: Gorostiza, J. Correspondencia, 1918-1928, 1993:
- Información localizada: portada (Guillermo Sheridan) cubierta página 4 (n. Monterrey, México, 1950)
670 ## - FUENTE EN LA QUE SE LOCALIZARON DATOS
- Cita de la fuente: currículum vitae (GUILLERMOSHERIDAN.COM), vía WWW, Jun. 13, 2016:
- Información localizada: (Guillermo Sheridan Centro de Estudios Literarios Instituto de Investigaciones Filológicas, UNAM; áreas de especialización: Historia de la poesía moderna de México; historia de las ideas en el México moderno; historia y sociedad en el México moderno, etc.)
- Uniform Resource Identifier: http://www.guillermosheridan.com/
670 ## - FUENTE EN LA QUE SE LOCALIZARON DATOS
- Cita de la fuente: Wikipedia, vía WWW, Jun. 13, 2016:
- Información localizada: (Guillermo Sheridan (México, D. F., 27 de agosto de 1950) es un escritor, editorialista y académico mexicano, especialista en poesía mexicana moderna; estudió la licenciatura en letras en la Universidad Iberoamericana, la maestría en la Universidad de Anglia del Este (Inglaterra) y en la Universidad Nacional Autónoma de México (UNAM), y el doctorado en la UNAM. Fue maestro de secundaria y preparatoria ; dio clases en la Universidad Iberoamericana, en la Facultad de Filosofía y Letras de la UNAM y en El Colegio de México. Es investigador desde 1978 en el Centro de Estudios Literarios del Instituto de Investigaciones Filológicas de la UNAM; ha sido comentarista de la vida cotidiana y editorialista sobre asuntos culturales, políticos y universitarios en diarios así como en las revistas)
- Uniform Resource Identifier: https://es.wikipedia.org/wiki/Guillermo_Sheridan
902 ## - CATALOGADOR
- Catalogador: NDAF/241122
